000 00509nam a22001937a 4500
003 OSt
005 20140310181934.0
008 130723t xxu||||| |||| 00| 0 eng d
020 _a9780140063929
050 _aPR 4825
_b.J56 1983
082 _aCLA
_bJ48t 1983
100 _aJerome, Jerome K.
_93120
245 _aThree men on the bummel /
_cJerome K. Jerome.
260 _aLondon :
_bPenguin Books,
_cc1983.
300 _a206 p. :
_c18 cm.
541 _j1
562 _e1
942 _2lcc
_cBBK
_kCLA
999 _c7471
_d7471